header

Article 31 (Record no. 38247)

MARC details
000 -LEADER
fixed length control field 01778nam a22004214a 4500
100 1# - MAIN ENTRY--AUTHOR NAME
Personal name David, Paulo,
245 10 - TITLE STATEMENT
Title Article 31
260 ## - PUBLICATION, DISTRIBUTION, ETC. (IMPRINT)
Place of publication Leiden ;
-- Boston :
Name of publisher Martinus Nijhoff Publishers,
Year of publication 2006.
300 ## - PHYSICAL DESCRIPTION
Number of Pages 33 p.
490 1# - SERIES STATEMENT
Series statement A commentary on the United Nations Convention on the Rights of the Child,
650 #0 - SUBJECT ADDED ENTRY--TOPICAL TERM
Topical Term Children (International law)
Topical Term Children
Topical Term Children's rights.
Topical Term Leisure.
Topical Term Amusements
Topical Term Recreation
Topical Term Children
856 40 - ELECTRONIC LOCATION AND ACCESS
Uniform Resource Identifier http://site.ebrary.com/lib/rucke/Doc?id=10234683

No items available.

© 2026 Rongo University
Contact us: librarian | system librarian | Rongo university